|
|
|
|
| LEADER |
00646nab a2200193 i 4500 |
| 001 |
acta1421 |
| 005 |
20210310145956.0 |
| 008 |
161015s2005 hu o 0|| hun d |
| 022 |
|
|
|a 0237-9554
|
| 040 |
|
|
|a SZTE Egyetemi Kiadványok Repozitórium
|b hun
|
| 041 |
|
|
|a hun
|
| 041 |
|
|
|a rus
|
| 100 |
1 |
|
|a Fenyvesi István
|
| 245 |
1 |
0 |
|a Orosz-magyar és magyar-orosz szlengszótár
|h [elektronikus dokumentum] /
|c Fenyvesi István
|
| 260 |
|
|
|c 2005
|
| 300 |
|
|
|a 141-145
|
| 490 |
0 |
|
|a Dissertationes slavicae. sectio linguistica
|v 26
|
| 695 |
|
|
|a Nyelvtudomány
|
| 856 |
4 |
0 |
|u http://acta.bibl.u-szeged.hu/1421/1/dissert_slav_ling_026_141-145.pdf
|z Dokumentum-elérés
|